000 01044nas a2200289 4500
001 BR7908000
003 BR-BrBNA
005 20231205084019.0
007 ta
008 230509b bl.|||p| |||| 00| 00por d
040 _aBR-BrBNA
_bpor
_cBiblioteca Nacional de Agricultura
041 _a(Pt)
072 _aM40; S10
100 1 _aFreitas, J.V.F.
100 1 _aGurgel, J.J.S.
100 1 _aMachado, Z.L.
245 1 _aEstudos de alguns parametros biometricos e da composicao quimica, inclusive sua variacao sazonal, da tilapia do nilo, Sarotherodon niloticus (L.), do acude publico Paulo Sarasate (Reriutaba, Ceara, Brasil), durante os anos de 1978 e 1979
650 _aTILAPIA
650 _aACUDE
650 _aANALISE QUIMICA
650 _aTILAPIA NILOTICA
650 _aALIMENTO ANIMAL
650 _aCEARA
773 0 _tBoletim Tecnico - Departamento Nacional de Obras Contra as Secas (Brazil)
_xISSN 0374-6658
_g(Jul 1979), v. 37(2) p. 135-151
_wBR7908000
909 _a202311
_bLúcia
_c55
_dLúcia Elande
942 _2AGRIS
_n0
_cANA
999 _c102588
_d102588